| 000 | nam a22 a 4500 | ||
|---|---|---|---|
| 999 |
_c168155 _d168155 |
||
| 003 | BLK | ||
| 005 | 20220422154507.0 | ||
| 008 | 180411b bul|||||r ||||||| ||bul|| | ||
| 010 | _aKNG00176027000 | ||
| 040 | _aBLK | ||
| 041 |
_aBUL _cBUL |
||
| 080 |
_aБългарска литература _b821.163.2 _x-31 _z821.163.2-31 |
||
| 100 | 1 |
_aКалчев, Камен _eпърви автор _gКалчев, Петър Митев _9367490 |
|
| 139 |
_aКалчев, Камен _bК 20 |
||
| 245 | 1 | 0 |
_aПри извора на живота _bРоман _cКамен Калчев; * Петър Митев Калчев. |
| 257 | _aBGR | ||
| 260 |
_aСофия _bНар. култура _c1964 |
||
| 300 |
_a198 с., 1 л. _bпортр. _c20 см |
||
| 380 | _aX | ||
| 500 | _aИстинското име на авт. е Петър Митев Калчев. - 13 090 тир. | ||
| 653 | _aромани | ||
| 700 | 1 |
_aКалчев, Петър Митев _e* _9317810 |
|
| 852 |
_aЦб 30859 _bЦб |
||
| 856 | 4 | _qpdf | |
| 856 | 4 | _qpdf | |
| 942 |
_cKNG _n0 _s1 |
||
| 944 |
_aCR _c01.06.2015 _lф / _kЛюдмила_Стоянова |
||
| 944 |
_aED _c21.09.2017 _lф / _kВася_Ганчева |
||